000
00256nam a2200121 a 4500
005
20141022142002.0
008
080930s19uu xx 00 eng d
050
_a
AVM
245
_a
E-biz plan.
650
_a
VCD.
650
_a
E-biz plan.
942
_c
AVM
999
_c
276315
_d
276315